| 000 | 00804cam a2200265u 4500 | ||
|---|---|---|---|
| 001 | 10306059 | ||
| 003 | OSt | ||
| 005 | 20251210134328.0 | ||
| 008 | 810115s1961 miu 000 0 eng | ||
| 010 | _a 61016752 | ||
| 035 | _a10306059 | ||
| 040 |
_aDLC _cCarP _dDLC |
||
| 050 | 0 | 0 |
_aBT97.2 _b.L6 |
| 100 | 1 | _aLockyer, Herbert. | |
| 245 | 1 | 0 |
_aAll the miracles of the Bible; _bthe supernatural in scripture its scope and significance. |
| 260 |
_aGrand Rapids, _bZondervan Pub. House _c[1961] |
||
| 300 |
_a480 p. _c24 cm. |
||
| 336 |
_atext _btxt _2rdacontent |
||
| 337 |
_aunmediated _bn _2rdamedia |
||
| 338 |
_avolume _bnc _2rdacarrier |
||
| 650 | 0 | _aMiracles. | |
| 906 |
_a0 _bcbc _cpremunv _du _encip _f19 _gy-gencatlg |
||
| 942 |
_2lcc _cBK |
||
| 999 |
_c21006 _d21005 |
||